000 00950cab a2200265 4500
001 ABS47078
008 090401t1992 xxu||||| |||| 00| 0 eng d
035 _a(Sirsi) u60727
041 _aeng
100 _aSmith, Peter F.
245 _aFormalities for the creation and assignment of legal leases
260 _c1992
350 _a0
490 _aRent Review & Lease Renewal
_v12(4) Summer 1992, 351-357(4)
520 _aDiscusses case law changes to the Law of Property Act 1925 as far as the creation and assignment of legal leases is affected. The role of the deed is stressed and repercussion arising from failure to observe the formalities are noted.
650 _aCONVEYANCING
650 _aEXPRESS ASSIGNMENTS
650 _aLAW OF PROPERTY ACT 1925 S52
650 _aLEASES
650 _aRENT ACT 1977
650 _aSURRENDERS BY OPERATION OF LAW
690 _aLandlord and tenant
_96252
942 _n0
948 _c04/03/1997
999 _c37521
_d37521